Data Processing / (Record no. 176686)
[ view plain ]
| 000 -LEADER | |
|---|---|
| fixed length control field | 00646 a2200193 4500 |
| 003 - CONTROL NUMBER IDENTIFIER | |
| control field | Nust |
| 005 - DATE AND TIME OF LATEST TRANSACTION | |
| control field | 20230516123256.0 |
| 010 ## - LIBRARY OF CONGRESS CONTROL NUMBER | |
| LC control number | 74034489 |
| 020 ## - INTERNATIONAL STANDARD BOOK NUMBER | |
| International Standard Book Number | 0574180400 : |
| 040 ## - CATALOGING SOURCE | |
| Transcribing agency | Nust |
| 082 00 - DEWEY DECIMAL CLASSIFICATION NUMBER | |
| Classification number | 001.64,MUR |
| 100 1# - MAIN ENTRY--PERSONAL NAME | |
| Personal name | Murach, Mike. |
| 9 (RLIN) | 112377 |
| 245 10 - TITLE STATEMENT | |
| Title | Data Processing / |
| Statement of responsibility, etc. | Mike Murach. |
| 260 ## - PUBLICATION, DISTRIBUTION, ETC. | |
| Place of publication, distribution, etc. | Chicago : |
| Name of publisher, distributor, etc. | Science Research Associates, |
| Date of publication, distribution, etc. | c1975. |
| 300 ## - PHYSICAL DESCRIPTION | |
| Extent | x, 416 p. : |
| Other physical details | ill. ; |
| Dimensions | 24 cm. |
| 505 ## - FORMATTED CONTENTS NOTE | |
| Formatted contents note | Section.1 Introductory Concepts (Page-5), Section.2 Basic Computer Systems (Page-129), Section.3 Auxiliary Subjects (Page-259), Section.4 Appendixes (Page-405). |
| 700 1# - ADDED ENTRY--PERSONAL NAME | |
| Personal name | Murach, Mike. |
| 9 (RLIN) | 112377 |
| 942 ## - ADDED ENTRY ELEMENTS (KOHA) | |
| Source of classification or shelving scheme | |
| Koha item type | Book Bank |
| Withdrawn status | Lost status | Source of classification or shelving scheme | Damaged status | Not for loan | Permanent Location | Current Location | Shelving location | Date acquired | Full call number | Barcode | Date last seen | Price effective from | Koha item type | Public note |
|---|---|---|---|---|---|---|---|---|---|---|---|---|---|---|
| Military College of Signals (MCS) | Military College of Signals (MCS) | General Stacks | 12/12/2016 | 001.64,MUR | MCS262 | 12/08/2016 | 12/12/2016 | Book | Almirah No.79, Shelf No.1 |
